Vols commerciaux les plus longs sans escales - Statistiques

Statistiques générales
  • Ce quiz a été pris 324 fois
  • Le résultat moyen est 59 sur 88
Statistiques - réponses
Départ Distance % Correct
Paris 11 662 km
97%
Paris 15 715 km
97%
New York 13 965 km
95%
New York 13 712 km
95%
New York 12 878 km
95%
New York 16 129 km
95%
New York 12 991 km
95%
New York 12 825 km
95%
Los Angeles 14 114 km
89%
Los Angeles 13 476 km
89%
Los Angeles 13 406 km
89%
Los Angeles 13 402 km
89%
Los Angeles 13 309 km
89%
Los Angeles 12 748 km
89%
Los Angeles 12 051 km
89%
Los Angeles 11 756 km
89%
Los Angeles 11 684 km
89%
Sydney 12 051 km
88%
Sydney 11 936 km
88%
Sydney 13 834 km
88%
Sydney 13 804 km
88%
Sydney 12 484 km
88%
Sydney 12 063 km
88%
Sydney 12 039 km
88%
Singapour 16 129 km
87%
Singapour 15 344 km
87%
Singapour 14 114 km
87%
Singapour 13 593 km
87%
Dubaï 13 406 km
79%
Dubaï 13 163 km
79%
Dubaï 13 022 km
79%
Dubaï 12 940 km
79%
Dubaï 12 039 km
79%
Dubaï 14 200 km
79%
Londres 14 499 km
74%
New Delhi 11 645 km
74%
Toronto 12 569 km
69%
Toronto 11 645 km
69%
Washington 13 091 km
68%
Doha 14 535 km
64%
Doha 12 951 km
64%
Doha 12 764 km
64%
Melbourne 12 748 km
64%
Johannesbourg 13 581 km
63%
Johannesbourg 13 091 km
63%
Johannesbourg 12 825 km
63%
Hong Kong 12 991 km
62%
Hong Kong 12 957 km
62%
Hong Kong 12 543 km
62%
Hong Kong 11 684 km
62%
Hong Kong 13 073 km
62%
Hong Kong 12 569 km
62%
Chicago 12 543 km
60%
San Francisco 13 593 km
60%
San Francisco 13 129 km
60%
San Francisco 13 022 km
60%
San Francisco 11 936 km
60%
Bangkok 13 309 km
59%
Bangkok 13 965 km
59%
Bombay 13 696 km
58%
Abou Dabi 13 476 km
57%
Abou Dabi 13 129 km
57%
Abou Dabi 12 990 km
57%
Abou Dabi 12 063 km
57%
Santiago 11 662 km
56%
Manille 11 756 km
53%
Manille 13 712 km
53%
Vancouver 12 484 km
53%
Atlanta 13 696 km
50%
Atlanta 13 581 km
50%
Dallas 13 804 km
49%
Dallas 13 364 km
49%
Dallas 13 073 km
49%
Dallas 12 764 km
49%
Dallas 12 990 km
49%
Dallas 12 940 km
49%
Auckland 14 200 km
48%
Auckland 14 535 km
48%
Perth 14 499 km
48%
Houston 13 834 km
41%
Houston 13 163 km
41%
Houston 12 951 km
41%
Papeete 15 715 km
39%
Brisbane 13 364 km
32%
Djeddah 13 402 km
23%
Guangzhou 12 878 km
21%
Newark 15 344 km
10%
Newark 12 957 km
10%
Aucun quiz correspondant
Distribution des résultats
% des personnes avec chaque résultat
Percentile par nombre de réponses
Votre historique - résultats
Vous n’avez pas pris ce quiz